Návrh inovácie komunikácie v konkrétnej firme diplomová práca

Na minha lista:
Detalhes bibliográficos
Autor principal: Vargová, Andrea
Autor Corporativo: Obchodná fakulta EU. Katedra marketingu
Outros Autores: Dzurová, Mária
Formato: Livro
Idioma:eslovaco
Publicado em: Bratislava 2017
Tags: Adicionar Tag
Sem tags, seja o primeiro a adicionar uma tag!

MARC

LEADER 00000nbm a2200000 4500
001 0235462
005 20170929144158.5
041 0 |a slo 
044 |a SK 
245 1 0 |a Návrh inovácie komunikácie v konkrétnej firme  |b diplomová práca  |c Andrea Vargová ; školiteľ: Mária Dzurová 
264 1 |a Bratislava  |c 2017 
300 |a 82 s. 
100 1 |a Vargová, Andrea 
700 1 |a Dzurová, Mária 
710 2 |a Obchodná fakulta EU. Katedra marketingu